Les Balkans / (Record no. 177269)

MARC details
000 -LEADER
campo de control de longitud fija 01227nam a2200373 i 4500
001 - NÚMERO DE CONTROL
campo de control 177269
003 - IDENTIFICADOR DE NÚMERO DE CONTROL
campo de control ES-MaACL
005 - FECHA Y HORA DE LA ÚLTIMA TRANSACCIÓN
campo de control 20230906220307.0
007 - CAMPO FIJO DE DESCRIPCIÓN FÍSICA--INFORMACIÓN GENERAL
campo de control de longitud fija t|
008 - DATOS DE LONGITUD FIJA--INFORMACIÓN GENERAL
campo de control de longitud fija 110311s1971 fr abdf ||||1| fre d
080 ## - NÚMERO DE LA CLASIFICACIÓN DECIMAL UNIVERSAL
Número de la Clasificación Decimal Universal 913(497)
080 ## - NÚMERO DE LA CLASIFICACIÓN DECIMAL UNIVERSAL
Número de la Clasificación Decimal Universal 913(495)
080 ## - NÚMERO DE LA CLASIFICACIÓN DECIMAL UNIVERSAL
Número de la Clasificación Decimal Universal 913(496.5)
080 ## - NÚMERO DE LA CLASIFICACIÓN DECIMAL UNIVERSAL
Número de la Clasificación Decimal Universal 913(497.2)
080 ## - NÚMERO DE LA CLASIFICACIÓN DECIMAL UNIVERSAL
Número de la Clasificación Decimal Universal 913(497.1)
100 1# - ENTRADA PRINCIPAL--NOMBRE DE PERSONA
Nombre de persona Péchoux, Pierre-Yves.
9 (RLIN) 145580
245 14 - MENCIÓN DEL TÍTULO
Título Les Balkans /
Mención de responsabilidad, etc. par Pierre-Yves Péchoux et Michel Sivignon.
250 ## - MENCION DE EDICION
Mención de edición [1e éd.].
260 ## - PUBLICACIÓN, DISTRIBUCIÓN, ETC.
Lugar de publicación, distribución, etc. Paris :
Nombre del editor, distribuidor, etc. Presses Universitaires de France,
Fecha de publicación, distribución, etc. 1971.
300 ## - DESCRIPCIÓN FÍSICA
Extensión 284, [8] p. de lám. bl. y n. :
Otras características físicas il. bl. y n. ;
Dimensiones 19 cm.
490 1# - MENCIÓN DE SERIE
Mención de serie Magellan. La Géographie et ses problèmes ;
Designación de volumen o secuencia 16
500 ## - NOTA GENERAL
Nota general Índices.
504 ## - NOTA DE BIBLIOGRAFÍA, ETC.
Nota de bibliografía, etc. Bibliografía: p. 273-278.
546 ## - NOTA DE IDIOMA
Nota de lengua/lenguaje Texto en francés.
651 #4 - PUNTO DE ACCESO ADICIONAL DE MATERIA--NOMBRE GEOGRÁFICO
Nombre geográfico Países balcánicos-
Subdivisión general Geografía.
9 (RLIN) 145582
651 #4 - PUNTO DE ACCESO ADICIONAL DE MATERIA--NOMBRE GEOGRÁFICO
Nombre geográfico Grecia-
Subdivisión general Geografía.
9 (RLIN) 145584
651 #4 - PUNTO DE ACCESO ADICIONAL DE MATERIA--NOMBRE GEOGRÁFICO
Nombre geográfico Albania-
Subdivisión general Geografía.
9 (RLIN) 145585
651 #4 - PUNTO DE ACCESO ADICIONAL DE MATERIA--NOMBRE GEOGRÁFICO
Nombre geográfico Bulgaria-
Subdivisión general Geografía.
9 (RLIN) 145586
651 #4 - PUNTO DE ACCESO ADICIONAL DE MATERIA--NOMBRE GEOGRÁFICO
Nombre geográfico Yugoslavia-
Subdivisión general Geografía.
9 (RLIN) 145587
700 1# - ENTRADA AGREGADA--NOMBRE PERSONAL
Nombre de persona Sivignon, Michel.
9 (RLIN) 145581
830 0# - PUNTO DE ACCESO ADICIONAL DE SERIE-TÍTULO UNIFORME
Título uniforme Magellan. La Géographie et ses problèmes ;
Designación de volumen o secuencia 16
9 (RLIN) 182333
852 ## - LOCALIZACIÓN
Ubicación ES-MaACL
Número de control de estantería E-14671
Encuadernación Olim P-507
Holdings
Estatus retirado Estado de pérdida Estado de daño No para préstamo Biblioteca de origen Biblioteca actual Ubicación en estantería Fecha de adquisición Fuente de adquisición Total de préstamos Signatura topográfica completa Código de barras Visto por última vez Precio de reemplazo Tipo de ítem Koha
        Biblioteca del Ateneo de Madrid Biblioteca del Ateneo de Madrid Depósito 2 11/03/2011     E-14671 1186182 23/02/2023 23/02/2023 Libro impreso